Регионална библиотека "Любен Каравелов" - Русе

Тактилна керамика (Запис номер 81646)

MARC детайли
000 -Лидер
Контролно поле с фиксирана дължина 01611nam a2200397 c 4500
003 - Код на организацията, давaща контролен номер
Контролно поле BLK
005 - Дата и час на последна редакция
Контролно поле 20180420224622.0
008 - Елементи от данни с фиксирана дължина
fixed length control field 180408b bul|||||r ||||||| ||bul||
010 ## - Наследен системен номер
LC control number KNG00086150000
020 ## - Международен стандартен номер на книга ISBN
Международен стандартен номер на книга ISBN 978-954-719-204-1
-- издат.: Нов живот
040 ## - Източник на каталожния запис
Идентификатор на билиотеката - собственик на записа BLK
041 ## - Код за език
Код за езика на текст/звукозапис или на отделно заглавие Български
Код за езика КДБФ Български
080 ## - УДК
Текстов определител УДК Художествена керамика. Грънчарско изкуство
УДК код - определител по УДК 738
УДК определител
УДК - код + определител 738
080 ## - УДК
Текстов определител УДК Социално поведение. Девиантно поведение. Социална патология. Активност и пасивност, конвенционално поведение, мотивация, потребности, стремежи
УДК код - определител по УДК 316.62
УДК определител -056.262
УДК - код + определител 316.62-056.262
100 1# - Редна дума - Автор
Автор Кънчев-Иванов, Иван
Авторска отговорност първи автор
R(LIN) 300194
139 ## - Редно поле
Редна дума Кънчев-Иванов, Иван
Авторски знак Към - К 96
245 10 - Сведения за заглавието
Заглавие Тактилна керамика
Редно поле (дума) Иван Кънчев-Иванов.
257 ## - Страна на издаване
Страна на създаване/издаване България
260 ## - Област на издателските данни
-- София
Име на издателя, разпространителя и проч. Нов живот
Година на издаване 2007
300 ## - Физическа характеристика
Страници 96 с.
Илюстрации и др. с ил.
Размери/Мащаб 20 см
380 ## - Жанр
Жанр Изкуство
500 ## - Общи забележки
Забележка Библиогр. с. 69-74. - Рез. на англ. ез.
504 ## - Забележка за наличие на библиография и др
Забележка за наличие на библиография и под. 69-74
590 ## - Забележки на библиотеката, притежаваща документа (RLIN)
Служебно ф
650 #4 - Допълнително описание по предмет – тема
Основно описание – тема или топоним Керамика, художествена
9 (RLIN) 300195
650 #4 - Допълнително описание по предмет – тема
Основно описание – тема или топоним Слепи - наръчници и ръководства
9 (RLIN) 284292
653 ## - Ключова дума – ненормативна
Ключова дума керамика
653 ## - Ключова дума – ненормативна
Ключова дума слепи
653 ## - Ключова дума – ненормативна
Ключова дума общуване
653 ## - Ключова дума – ненормативна
Ключова дума занаяти
852 ## - Местоположение
Форматна сигнатура Цб 241695
856 4# - Електронен адрес и достъп
Електронен формат pdf - файл
Път до файла /url/
856 4# - Електронен адрес и достъп
Електронен формат pdf - файл
Път до файла /url/
942 ## - АРТИКУЛИ
Вид на библиотечния материал Книги
Скрит в OPAC Не
944 ## - СЪЗДАВАНЕ И РЕДАКЦИЯ на ЗАПИСА
Създаване/Редакция Създаване
Дата на регистрацията/редакция 03.11.2008
Служител, извършил регистрацията/редакцията Валя_Йорданова
944 ## - СЪЗДАВАНЕ И РЕДАКЦИЯ на ЗАПИСА
Създаване/Редакция Редакция
Дата на регистрацията/редакция 11.06.2009
Служител, извършил регистрацията/редакцията
999 ## - СИСТЕМНИ КОНТРОЛНИ НОМЕРА
Koha biblionumber 81646
Koha biblioitemnumber 81646
Наличности
Код за отписване Код за изгубен артикул Източник на класификационната схема Код за повреда Коз за рестрикции Код за отдаване Артикулен № Име на библиотеката - собственик Име на библиотеката, в която се намира в момента Статус (Текущо местоположение) Дата на вписване в системата Местоположение - отдел Цена в лева Инвентарен номер Систематично азбучна сигнатура Баркод Номер на екземпляра Цена в евро Служебна бележка Служебен тип на артикула
  Не е изгубен Universal Decimal Classification Не е повреден без рестрикции заемане за дома 132622 Регионална библиотека "Любен Каравелов" Русе Регионална библиотека "Любен Каравелов" Русе Отдел Изкуство - подръчен фонд 2008-10-31 Отдел Изкуство - подръчен фонд 7.00 120000731049 73/К 96 120000731049 1 3.58 Дост: DA Вид: А N: 13 Дата: 31.10.2008 Дата инв: 07.06.2012 Бележки инв: * Книги
  Не е изгубен Universal Decimal Classification Не е повреден без рестрикции заемане за дома 132623 Регионална библиотека "Любен Каравелов" Русе Регионална библиотека "Любен Каравелов" Русе Отдел Изкуство - подръчен фонд 2008-10-31 Отдел Изкуство - подръчен фонд 7.00 120000731050 73/76/К 96 120000731050 2 3.58 Дост: DA Вид: А N: 13 Дата: 31.10.2008 Дата инв: 11.02.2015 Бележки инв: ИП2015 Книги
  Не е изгубен Universal Decimal Classification Не е повреден без рестрикции заемане за дома 132624 Регионална библиотека "Любен Каравелов" Русе Регионална библиотека "Любен Каравелов" Русе Отдел Изкуство - подръчен фонд 2008-10-31 Отдел Изкуство - подръчен фонд 7.00 120000731051 73/76/К 96 120000731051 3 3.58 Дост: DA Вид: А N: 13 Дата: 31.10.2008 Дата инв: 11.02.2015 Бележки инв: ИП2015 Книги
  Не е изгубен Universal Decimal Classification Не е повреден само за читалня ползва се в читалня 132625 Регионална библиотека "Любен Каравелов" Русе Регионална библиотека "Любен Каравелов" Русе Хранилище 2009-06-12 Хранилище 7.00 120000736078 Цб 241695 120000736078 4 3.58 Дост: Dp Вид: Д N: 1 Дата: 04.12.2008 Книги
Vip Innovations Ltd, Rousse, Bulgaria 2025